Calculo de varias variables con lgebra lineal / Philip C. Curtis (Registro nro. 20812)
[ vista simple ]
| 000 -LÍDER | |
|---|---|
| fixed length control field | 00446nam a2200145 4500 |
| 008 - ELEMENTOS DE LONGITUD FIJA -- INFORMACIÓN GENERAL | |
| fixed length control field | 0 1979 0a 000 0Mex |
| 020 ## - NÚMERO INTERNACIONAL NORMALIZADO PARA LIBROS | |
| ISBN | 968-18-0642-5 |
| 050 ## - SIGNATURA TOPOGRAFICA DE LA BIBLIOTECA DEL CONGRESO (LC) | |
| Número de Clasificación | QA315 C981 |
| 082 ## - NUMERO DE CLASIFICACION DECIMAL DEWEY | |
| Número de Clasificación | 515.88 C288c |
| 100 ## - ASIENTO PRINCIPAL--NOMBRE PERSONAL | |
| Nombre personal | Curtis, Philip C. |
| 245 ## - TÍTULO | |
| Título | Calculo de varias variables con lgebra lineal / Philip C. Curtis |
| 260 ## - PUBLICACIÓN, DISTRIBUCIÓN, ETC. (PIE DE IMPRENTA) | |
| Lugar de publicación, distribución, etc. | México : Limusa |
| 300 ## - DESCRIPCIÓN FÍSICA | |
| Extensión | 495 p. / 26 cm. |
| 650 ## - ASIENTO SECUNDARIO DE MATERIA - TERMINO TEMÁTICO | |
| Término temático o nombre geográfico como elemento de entrada | 1. CALCULO-VARIAS VARIABLES / 2. ALGEBRA LINEAL |
| No. biblioteca | No. biblioteca | Número de clasificación | Código de barras/Número de adquisición | Número de copia | Tipo de material |
|---|---|---|---|---|---|
| LUIS G. INCLAN | LUIS G. INCLAN | 515.88 C288c | 17630 | 3 | Libros |
| LUIS G. INCLAN | LUIS G. INCLAN | 515.88 C288c | 17629 | 2 | Libros |
| LUIS G. INCLAN | LUIS G. INCLAN | 515.88 C288c | 14415 | 1 | Libros |
